000 00489nam a2200193 a 4500
001 1774864341754
003 YourLibrary
005 20260330152417.0
008 260330s2007##################000#0#eng##
020 _a9788182743113
082 0 4 _a355.82
_bWEI
100 1 _aWeir, William,
_eauthor.
245 1 0 _a50 Weapons That Changed Warfare :
260 _c2007.
300 _a262 pages
650 0 _aMilitary weapons.
942 _cENGLISH
040 _aYourLibrary
_beng
_cYourLibrary
999 _c618235
_d618235